|
|
|
|
| LEADER |
03448nam a22004455i 4500 |
| 001 |
978-3-642-12356-6 |
| 003 |
DE-He213 |
| 005 |
20151116134238.0 |
| 007 |
cr nn 008mamaa |
| 008 |
100623s2010 gw | s |||| 0|eng d |
| 020 |
|
|
|a 9783642123566
|9 978-3-642-12356-6
|
| 024 |
7 |
|
|a 10.1007/978-3-642-12356-6
|2 doi
|
| 040 |
|
|
|d GrThAP
|
| 050 |
|
4 |
|a QD415-436
|
| 072 |
|
7 |
|a PNN
|2 bicssc
|
| 072 |
|
7 |
|a SCI013040
|2 bisacsh
|
| 082 |
0 |
4 |
|a 547
|2 23
|
| 245 |
1 |
0 |
|a C-H Activation
|h [electronic resource] /
|c edited by Jin-Quan Yu, Zhangjie Shi.
|
| 264 |
|
1 |
|a Berlin, Heidelberg :
|b Springer Berlin Heidelberg :
|b Imprint: Springer,
|c 2010.
|
| 300 |
|
|
|a XII, 380 p. 440 illus.
|b online resource.
|
| 336 |
|
|
|a text
|b txt
|2 rdacontent
|
| 337 |
|
|
|a computer
|b c
|2 rdamedia
|
| 338 |
|
|
|a online resource
|b cr
|2 rdacarrier
|
| 347 |
|
|
|a text file
|b PDF
|2 rda
|
| 490 |
1 |
|
|a Topics in Current Chemistry,
|x 0340-1022 ;
|v 292
|
| 505 |
0 |
|
|a Synthesis in the Key of Catellani: Norbornene-Mediated ortho C–H Functionalization -- Mechanistic Considerations in the Development and Use of Azine, Diazine and Azole N-Oxides in Palladium-Catalyzed Direct Arylation -- Palladium and Copper Catalysis in Regioselective, Intermolecular Coupling of C–H and C–Hal Bonds -- Pd-Catalyzed C–H Bond Functionalization on the Indole and Pyrrole Nucleus -- Remote C–H Activation via Through-Space Palladium and Rhodium Migrations -- Palladium-Catalyzed Aryl–Aryl Bond Formation Through Double C–H Activation -- Palladium-Catalyzed Allylic C–H Bond Functionalization of Olefins -- Ruthenium-Catalyzed Direct Arylations Through C–H Bond Cleavages -- Rhodium-Catalyzed C–H Bond Arylation of Arenes -- Cross-Dehydrogenative Coupling Reactions of sp3-Hybridized C–H Bonds -- Functionalization of Carbon–Hydrogen Bonds Through Transition Metal Carbenoid Insertion -- Metal-Catalyzed Oxidations of C–H to C–N Bonds.
|
| 520 |
|
|
|a Table of Contents - Synthesis in the Key of Catellani: Norbornene-Mediated ortho C–H Functionalization - Mechanistic Considerations in the Development and Use of Azine, Diazine and Azole N-Oxides in Palladium-Catalyzed Direct Arylation - Palladium and Copper Catalysis in Regioselective, Intermolecular Coupling of C–H and C–Hal Bonds - Pd-Catalyzed C–H Bond Functionalization on the Indole and Pyrrole Nucleus - Remote C–H Activation via Through-Space Palladium and Rhodium Migrations - Palladium-Catalyzed Aryl–Aryl Bond Formation Through Double C–H Activation - Palladium-Catalyzed Allylic C–H Bond Functionalization of Olefins - Ruthenium-Catalyzed Direct Arylations Through C–H Bond Cleavages - Rhodium-Catalyzed C–H Bond Arylationof Arenes - Cross-Dehydrogenative Coupling Reactions of sp3-Hybridized C–H Bonds - Functionalization of Carbon–Hydrogen Bonds Through Transition Metal Carbenoid Insertion - Metal-Catalyzed Oxidations of C–H to C–N Bonds.
|
| 650 |
|
0 |
|a Chemistry.
|
| 650 |
|
0 |
|a Organic chemistry.
|
| 650 |
1 |
4 |
|a Chemistry.
|
| 650 |
2 |
4 |
|a Organic Chemistry.
|
| 700 |
1 |
|
|a Yu, Jin-Quan.
|e editor.
|
| 700 |
1 |
|
|a Shi, Zhangjie.
|e editor.
|
| 710 |
2 |
|
|a SpringerLink (Online service)
|
| 773 |
0 |
|
|t Springer eBooks
|
| 776 |
0 |
8 |
|i Printed edition:
|z 9783642123559
|
| 830 |
|
0 |
|a Topics in Current Chemistry,
|x 0340-1022 ;
|v 292
|
| 856 |
4 |
0 |
|u http://dx.doi.org/10.1007/978-3-642-12356-6
|z Full Text via HEAL-Link
|
| 912 |
|
|
|a ZDB-2-CMS
|
| 950 |
|
|
|a Chemistry and Materials Science (Springer-11644)
|